1634 1617 1074 1145 1991 1701 1894 1820 1999 1828 1401 1213 1968 1157 1483 1677 1465 1438 1191 1111 1626 1725 1622 1009 1420 1625 1622 1281 1865 1467 1123 1465 1439 1128 1485 1812 1051 1631 1081 1293 1478 1323 1758 1690 1044 1970 1302 1757 1336 1372 1124 1933 1721 1849 1204 1304 1060 1783 1233 1439 1631 1446 1842 1674 1087 2000 1229 1388 1496 1753 1378 1383 1685 1256 1640 1195 1103 1204 1843 1122 1924 1142 1053 1104 1767 1250 1915 1584 1800 1516 1535 1711 1351 1583 1793 1124 1827 1871 1798 BCNSPRNW ULIB Ver.6.0+V

เปลี่ยนเป็นภาษาไทย

Change to English
 แสดงรายละเอียดบรรณานุกรม
  กลับหน้าหลัก

Brief Record : Get Marc (ISO 2709) : E-mail record : QR code < ปิดหน้าต่าง
LEADER : 00000nam 2200000uu 4500
001    13399124255
003     ULIB
008    150215s2557||||th 000 0 tha d
020    ^a9789740333012
060  4 ^aWA20.5^bก725ก
100 0  กุลวดี โรจน์ไพศาลกิจ
245 10 ^aการวิจัยบริการทางสุขภาพ. /^cกุลวดี โรจน์ไพศาลกิจ
250    พิมพ์ครั้งที่ 1
260    ^aกรุงเทพฯ :^bสำนักพิมพ์แห่งจุฬาลงกรณ์มหาวิทยาลัย,^c2557
300    ^a332 หน้า;^c26 ซม.
650  7 ^aบริการทางสุขภาพ^xวิจัย
650  7 ^aวิจัย
945    ^p480^l0^i039134
945    ^p480^l0^i039135
945    ^p480^l0^i039136
999    ^aทศพร
รายการนี้ยังไม่มีแท็ก
คุณยังไม่ได้ล็อกอิน คุณสามารถมีกิจกรรมร่วมกับเว็บไซต์ได้ แต่ต้องล็อกอินก่อน ::
  ล็อกอิน

รายการสื่อสารสนเทศ

ลำดับที่ ประเภท เลขเรียก/บาร์โค้ด สถานที่ สถานะ
1. วิทยาศาสตร์การแพทย์ และสุขภาพ
วิทยาศาสตร์การแพทย์ และสุขภาพ
สถานะ=หนังสือเก่า
WA20.5 ก725ก ฉ.1 
  Barcode: 039134
ห้องสมุดวิทยาเขตสวรรค์ประชารักษ์
►ส่วนจัดเก็บหนังสือเก่า สปร
บนชั้น
  ขอยืม
2. วิทยาศาสตร์การแพทย์ และสุขภาพ
วิทยาศาสตร์การแพทย์ และสุขภาพ
WA20.5 ก725ก ฉ.2 
  Barcode: 039135
ห้องสมุดวิทยาเขตสวรรค์ประชารักษ์
►หนังสือทั่วไป
ถูกยืม กำหนดส่งวันที่ 21 มิถุนายน 2566
  จอง
3. วิทยาศาสตร์การแพทย์ และสุขภาพ
วิทยาศาสตร์การแพทย์ และสุขภาพ
สถานะ=หนังสือเก่า
WA20.5 ก725ก ฉ.3 
  Barcode: 039136
ห้องสมุดวิทยาเขตสวรรค์ประชารักษ์
►ส่วนจัดเก็บหนังสือเก่า สปร
บนชั้น
  ขอยืม

รายการใกล้เคียง
    ผู้แต่ง [กุลวดี โรจน์ไพศาลกิจ]

    หัวเรื่อง [วิจัย]

BibComment


ยังไม่เคยถูกคอมเมนท์

คอมเมนท์ทรัพยากรรายการนี้
  คอมเมนท์: การวิจัยบริการทา..


 Copyright 2026. Bcnsprnw @Library